000 00406nam a2200157Ia 4500
008 230312s9999||||xx |||||||||||||| ||und||
020 _a81-297-0006-9
082 _a658.4034
_bRUS
100 _aRoberta S.Russall
245 0 _aOperations Management
260 _bPearson Education
_aIndia
_c2003
300 _a846
546 _aEng.
650 _aManagement
_vStrategic Importance of Operations
942 _cBK
999 _c475
_d475